[Event "5th European Small Nations"]
[Site "Andorra la Vella"]
[Date "2017.11.15"]
[Round "6.2"]
[White "Righi, Ezio"]
[Black "Vella, Duncan"]
[Result "1/2-1/2"]
[BlackElo "1989"]
[WhiteElo "2039"]
[LiveChessVersion "1.4.8"]

1. e4 {[%clk 1:30:56]} c5 {[%clk 1:30:51]} 2. Nf3 {[%clk 1:31:16]} d6
{[%clk 1:31:16]} 3. d4 {[%clk 1:31:34]} cxd4 {[%clk 1:31:42]} 4. Nxd4
{[%clk 1:31:56]} Nf6 {[%clk 1:32:03]} 5. Nc3 {[%clk 1:32:17]} g6 {[%clk 1:32:21]}
6. Be3 {[%clk 1:32:26]} Bg7 {[%clk 1:32:41]} 7. f3 {[%clk 1:32:40]} O-O
{[%clk 1:32:47]} 8. Qd2 {[%clk 1:32:57]} Nc6 {[%clk 1:32:55]} 9. O-O-O
{[%clk 1:33:07]} d5 {[%clk 1:32:19]} 10. exd5 {[%clk 1:33:00]} Nxd5
{[%clk 1:31:45]} 11. Nxc6 {[%clk 1:33:10]} bxc6 {[%clk 1:32:10]} 12. Bd4
{[%clk 1:33:23]} Bxd4 {[%clk 1:28:25]} 13. Qxd4 {[%clk 1:33:14]} Qb6
{[%clk 1:28:00]} 14. Nxd5 {[%clk 1:29:52]} cxd5 {[%clk 1:26:45]} 15. Qxb6
{[%clk 1:22:09]} axb6 {[%clk 1:27:05]} 16. a3 {[%clk 1:19:44]} Rd8
{[%clk 1:21:51]} 17. Bd3 {[%clk 1:18:37]} Ba6 {[%clk 1:13:57]} 1/2-1/2

[Event "5th European Small Nations"]
[Site "Andorra la Vella"]
[Date "2017.11.15"]
[Round "6.3"]
[White "Sammut Briffa, Peter"]
[Black "Volpinari, Danilo"]
[Result "1/2-1/2"]
[BlackElo "1976"]
[WhiteElo "1962"]
[LiveChessVersion "1.4.8"]

1. e4 {[%clk 1:30:55]} c5 {[%clk 1:30:52]} 2. Nc3 {[%clk 1:31:03]} Nc6
{[%clk 1:30:49]} 3. Bb5 {[%clk 1:31:03]} Nd4 {[%clk 1:27:54]} 4. Bc4
{[%clk 1:31:13]} e6 {[%clk 1:27:49]} 5. Nf3 {[%clk 1:31:03]} a6 {[%clk 1:26:19]}
6. a4 {[%clk 1:31:24]} Qc7 {[%clk 1:25:14]} 7. d3 {[%clk 1:31:12]} Nf6
{[%clk 1:21:18]} 8. Be3 {[%clk 1:29:39]} Nxf3+ {[%clk 1:19:41]} 9. Qxf3
{[%clk 1:29:58]} d6 {[%clk 1:13:33]} 10. Qe2 {[%clk 1:25:43]} h5 {[%clk 1:08:13]}
11. f4 {[%clk 1:21:14]} Bd7 {[%clk 1:05:18]} 12. g3 {[%clk 1:17:33]} Bc6
{[%clk 1:03:06]} 13. Rf1 {[%clk 1:16:17]} O-O-O {[%clk 0:59:34]} 14. Bb3
{[%clk 1:10:22]} d5 {[%clk 0:55:28]} 15. e5 {[%clk 1:09:20]} Nd7 {[%clk 0:51:34]}
16. Bd2 {[%clk 1:06:49]} g6 {[%clk 0:50:09]} 17. Nd1 {[%clk 1:03:19]} Be7
{[%clk 0:49:00]} 18. a5 {[%clk 1:00:45]} Nb8 {[%clk 0:46:11]} 19. c4
{[%clk 0:59:18]} dxc4 {[%clk 0:39:17]} 20. Bxc4 {[%clk 0:59:32]} Be8
{[%clk 0:37:16]} 21. Ne3 {[%clk 0:56:03]} Nc6 {[%clk 0:36:51]} 22. Nc2
{[%clk 0:56:21]} Nd4 {[%clk 0:35:31]} 23. Nxd4 {[%clk 0:56:23]} Rxd4
{[%clk 0:35:08]} 24. Be3 {[%clk 0:56:09]} Rd8 {[%clk 0:34:33]} 25. Qf2
{[%clk 0:52:22]} Kb8 {[%clk 0:31:14]} 26. Ke2 {[%clk 0:49:30]} Bc6
{[%clk 0:30:15]} 27. Rfc1 {[%clk 0:48:55]} Rc8 {[%clk 0:27:29]} 28. Ke1
{[%clk 0:45:40]} Qd7 {[%clk 0:22:11]} 29. Bxc5 {[%clk 0:40:04]} Bxc5
{[%clk 0:21:01]} 30. Qxc5 {[%clk 0:40:27]} Rhd8 {[%clk 0:16:33]} 31. Qb6
{[%clk 0:36:24]} Qd4 {[%clk 0:12:56]} 32. Qxd4 {[%clk 0:36:21]} 1/2-1/2

[Event "5th European Small Nations"]
[Site "Andorra la Vella"]
[Date "2017.11.15"]
[Round "6.4"]
[White "Berardi, Giancarlo"]
[Black "Lauri, Joseph"]
[Result "1/2-1/2"]
[BlackElo "2174"]
[WhiteElo "1837"]
[LiveChessVersion "1.4.8"]

1. c4 {[%clk 1:30:51]} Nf6 {[%clk 1:30:54]} 2. g3 {[%clk 1:31:02]} g6
{[%clk 1:31:16]} 3. Bg2 {[%clk 1:31:26]} Bg7 {[%clk 1:31:34]} 4. Nf3
{[%clk 1:31:34]} O-O {[%clk 1:31:54]} 5. O-O {[%clk 1:31:57]} d6 {[%clk 1:32:07]}
6. Nc3 {[%clk 1:32:09]} e5 {[%clk 1:31:59]} 7. d3 {[%clk 1:32:19]} Nc6
{[%clk 1:31:15]} 8. a3 {[%clk 1:29:55]} a5 {[%clk 1:31:15]} 9. Rb1
{[%clk 1:29:46]} h6 {[%clk 1:30:10]} 10. Bd2 {[%clk 1:30:05]} Ne7
{[%clk 1:19:25]} 11. b4 {[%clk 1:30:07]} axb4 {[%clk 1:19:48]} 12. axb4
{[%clk 1:30:12]} Nh5 {[%clk 1:17:31]} 13. Qb3 {[%clk 1:26:01]} Be6
{[%clk 1:16:24]} 14. Qc2 {[%clk 1:18:15]} c6 {[%clk 1:16:23]} 15. b5
{[%clk 1:17:49]} d5 {[%clk 1:16:50]} 16. bxc6 {[%clk 1:16:31]} bxc6
{[%clk 1:12:11]} 17. Rfd1 {[%clk 1:07:21]} Qc8 {[%clk 1:02:06]} 18. Na4 Qc7
1/2-1/2

[Event "5th European Small Nations"]
[Site "Andorra la Vella"]
[Date "2017.11.15"]
[Round "6.5"]
[White "Kirby, Peter J."]
[Black "Berend, Fred"]
[Result "0-1"]
[BlackElo "2371"]
[WhiteElo "1987"]
[LiveChessVersion "1.4.8"]

1. d4 {[%clk 1:30:57]} e6 {[%clk 1:29:16]} 2. Nf3 {[%clk 1:31:13]} c5
{[%clk 1:29:30]} 3. g3 {[%clk 1:29:18]} Nf6 {[%clk 1:29:10]} 4. Bg2
{[%clk 1:29:06]} cxd4 {[%clk 1:28:46]} 5. Nxd4 {[%clk 1:29:04]} d5
{[%clk 1:29:05]} 6. O-O {[%clk 1:26:50]} e5 {[%clk 1:28:05]} 7. Nf3
{[%clk 1:25:44]} Nc6 {[%clk 1:28:09]} 8. Bg5 {[%clk 1:19:09]} Be7
{[%clk 1:22:39]} 9. c3 {[%clk 1:14:57]} Be6 {[%clk 1:22:13]} 10. Nbd2
{[%clk 1:12:40]} O-O {[%clk 1:20:24]} 11. e4 {[%clk 1:06:58]} Nxe4
{[%clk 1:19:45]} 12. Nxe4 {[%clk 1:01:44]} dxe4 {[%clk 1:18:53]} 13. Qxd8
{[%clk 1:00:19]} Bxd8 {[%clk 1:19:11]} 14. Bxd8 {[%clk 0:53:35]} exf3
{[%clk 1:18:45]} 15. Bxf3 {[%clk 0:52:18]} Rfxd8 {[%clk 1:19:00]} 0-1

[Event "5th European Small Nations"]
[Site "Andorra la Vella"]
[Date "2017.11.15"]
[Round "6.6"]
[White "Weber, Tom"]
[Black "Strade, Arita"]
[Result "1-0"]
[BlackElo "1864"]
[WhiteElo "2418"]
[LiveChessVersion "1.4.8"]

1. c4 {[%clk 1:30:57]} e5 {[%clk 1:30:40]} 2. g3 {[%clk 1:31:17]} Nc6
{[%clk 1:30:31]} 3. Nc3 {[%clk 1:31:14]} f5 {[%clk 1:30:13]} 4. Bg2
{[%clk 1:30:23]} Nf6 {[%clk 1:30:09]} 5. d3 {[%clk 1:30:31]} d6 {[%clk 1:25:45]}
6. e4 {[%clk 1:28:46]} Be7 {[%clk 1:24:39]} 7. Nge2 {[%clk 1:29:10]} O-O
{[%clk 1:23:56]} 8. O-O {[%clk 1:29:35]} Be6 {[%clk 1:23:47]} 9. Nd5
{[%clk 1:28:51]} Qd7 {[%clk 1:19:10]} 10. f3 {[%clk 1:25:14]} Bd8
{[%clk 1:16:16]} 11. Be3 {[%clk 1:24:33]} Ne7 {[%clk 1:15:27]} 12. Rc1
{[%clk 1:23:12]} c6 {[%clk 1:15:42]} 13. Nxf6+ {[%clk 1:23:08]} Rxf6
{[%clk 1:15:53]} 14. f4 {[%clk 1:13:48]} Bc7 {[%clk 1:05:53]} 15. Qd2
{[%clk 1:10:50]} a5 {[%clk 0:48:56]} 16. b3 {[%clk 1:02:33]} Qd8 {[%clk 0:45:13]}
17. Rcd1 {[%clk 0:49:40]} Qe8 {[%clk 0:27:24]} 18. Nc3 {[%clk 0:42:23]} Qh5
{[%clk 0:19:24]} 19. d4 {[%clk 0:35:12]} Raf8 {[%clk 0:14:08]} 20. d5
{[%clk 0:31:03]} Bc8 {[%clk 0:13:44]} 21. fxe5 {[%clk 0:15:22]} dxe5
{[%clk 0:09:48]} 22. Bc5 {[%clk 0:15:16]} Bd6 {[%clk 0:07:04]} 23. Bxd6
{[%clk 0:14:48]} Rxd6 {[%clk 0:07:24]} 24. exf5 {[%clk 0:09:30]} Bxf5
{[%clk 0:06:17]} 25. Rde1 {[%clk 0:08:59]} Ng6 {[%clk 0:04:17]} 26. Qe3
{[%clk 0:08:03]} Qg4 {[%clk 0:03:53]} 27. Be4 {[%clk 0:04:52]} Nf4
{[%clk 0:02:44]} 28. Kh1 {[%clk 0:03:40]} Nh3 {[%clk 0:02:06]} 29. Bf3
{[%clk 0:03:02]} Qd4 {[%clk 0:02:03]} 30. Bg2 {[%clk 0:02:36]} Rh6
{[%clk 0:01:59]} 31. dxc6 {[%clk 0:02:07]} bxc6 {[%clk 0:02:07]} 32. Nd1
{[%clk 0:02:05]} Qd6 {[%clk 0:01:13]} 33. Qxe5 {[%clk 0:01:59]} Qxe5
{[%clk 0:01:25]} 34. Rxe5 {[%clk 0:02:23]} Bb1 {[%clk 0:01:26]} 35. Rxf8+
{[%clk 0:01:58]} Kxf8 {[%clk 0:01:52]} 36. Nc3 {[%clk 0:01:52]} Nf2+
{[%clk 0:01:19]} 37. Kg1 {[%clk 0:02:17]} Ng4 {[%clk 0:01:47]} 38. Rg5
{[%clk 0:01:47]} Rg6 {[%clk 0:01:15]} 39. Rxg6 {[%clk 0:00:53]} Bxg6
{[%clk 0:01:29]} 40. Bxc6 {[%clk 0:31:17]} Ke7 {[%clk 0:31:20]} 41. Bf3
{[%clk 0:27:04]} Ne5 {[%clk 0:31:03]} 42. Kf2 {[%clk 0:27:02]} Kd6
{[%clk 0:31:02]} 43. Ke3 {[%clk 0:27:01]} Kc5 {[%clk 0:30:41]} 44. Bd1
{[%clk 0:16:05]} Kb4 {[%clk 0:20:40]} 45. Kd2 {[%clk 0:14:39]} Bf7
{[%clk 0:19:55]} 46. h4 {[%clk 0:09:10]} h5 {[%clk 0:10:50]} 47. Be2
{[%clk 0:06:34]} Nc6 {[%clk 0:10:15]} 48. Bf3 {[%clk 0:05:11]} Nd4
{[%clk 0:09:06]} 49. Be4 {[%clk 0:05:26]} Be8 {[%clk 0:05:38]} 50. Kd3
{[%clk 0:04:38]} Ne6 {[%clk 0:05:48]} 51. Bf5 {[%clk 0:04:51]} Nd8
{[%clk 0:04:53]} 52. Be4 {[%clk 0:04:35]} Ne6 {[%clk 0:04:18]} 53. Bf5
{[%clk 0:04:09]} Nd8 {[%clk 0:03:56]} 54. Kc2 {[%clk 0:04:33]} Nc6
{[%clk 0:03:47]} 55. Kb2 {[%clk 0:04:43]} Nd4 {[%clk 0:03:39]} 56. Bd3
{[%clk 0:04:36]} Nc6 {[%clk 0:02:44]} 57. Na4 {[%clk 0:04:42]} 1-0

[Event "5th European Small Nations"]
[Site "Andorra la Vella"]
[Date "2017.11.15"]
[Round "6.7"]
[White "Brookfield, Toby"]
[Black "Linster, Philippe"]
[Result "0-1"]
[BlackElo "2230"]
[WhiteElo "1864"]
[LiveChessVersion "1.4.8"]

1. e4 {[%clk 1:30:52]} e5 {[%clk 1:30:30]} 2. f4 {[%clk 1:31:05]} exf4
{[%clk 1:30:54]} 3. Bc4 {[%clk 1:31:16]} Qh4+ {[%clk 1:31:18]} 4. Kf1
{[%clk 1:31:41]} d6 {[%clk 1:31:38]} 5. d4 {[%clk 1:31:33]} Be6 {[%clk 1:31:47]}
6. Qd3 {[%clk 1:30:07]} Nd7 {[%clk 1:31:12]} 7. Nc3 {[%clk 1:26:32]} O-O-O
{[%clk 1:28:56]} 8. Nd5 {[%clk 1:19:05]} Bxd5 9. Bxd5 Qf6 10. Nf3 Ne7 11. a4 Nxd5
12. exd5 g5 13. h3 h5 14. a5 Bg7 15. a6 b6 16. Qb5 g4 17. Qc6 Nb8 18. Qb7+ Kd7
19. c3 gxf3 20. gxf3 Qf5 21. Rh2 Qd3+ 22. Kf2 Qc2+ 23. Kg1 Bxd4+ 0-1

[Event "5th European Small Nations"]
[Site "Andorra la Vella"]
[Date "2017.11.15"]
[Round "6.8"]
[White "Gengler, Pierre"]
[Black "Hale, Andrew"]
[Result "1/2-1/2"]
[BlackElo "1871"]
[WhiteElo "2192"]
[LiveChessVersion "1.4.8"]

1. e4 {[%clk 1:30:57]} g6 {[%clk 1:30:53]} 2. d4 {[%clk 1:31:23]} Bg7
{[%clk 1:31:20]} 3. Nc3 {[%clk 1:31:39]} d6 {[%clk 1:31:38]} 4. g3
{[%clk 1:31:57]} Nd7 {[%clk 1:29:32]} 5. Be3 {[%clk 1:32:08]} Ngf6
{[%clk 1:28:11]} 6. h3 {[%clk 1:32:25]} c6 {[%clk 1:27:34]} 7. Bg2
{[%clk 1:32:46]} O-O {[%clk 1:26:49]} 8. Nge2 {[%clk 1:33:12]} Nb6
{[%clk 1:25:11]} 9. b3 {[%clk 1:31:17]} e5 {[%clk 1:19:53]} 10. O-O
{[%clk 1:31:11]} d5 {[%clk 1:10:13]} 11. dxe5 {[%clk 1:23:01]} Nxe4
{[%clk 1:09:54]} 12. Nxe4 {[%clk 1:17:56]} dxe4 {[%clk 1:09:53]} 13. Qxd8
{[%clk 1:06:08]} Rxd8 {[%clk 1:10:11]} 14. Bf4 {[%clk 1:06:24]} f5
{[%clk 1:07:23]} 15. exf6 {[%clk 1:06:37]} Bxf6 {[%clk 1:07:30]} 16. Rad1
{[%clk 1:06:49]} Nd5 {[%clk 1:03:57]} 17. c4 {[%clk 1:00:43]} Nb4
{[%clk 0:58:13]} 18. Rxd8+ {[%clk 1:00:41]} Bxd8 {[%clk 0:58:29]} 19. Bd2
{[%clk 1:00:48]} Be7 {[%clk 0:54:01]} 20. Nc3 {[%clk 1:00:00]} Be6
{[%clk 0:52:13]} 21. Re1 {[%clk 0:53:15]} Kf7 {[%clk 0:48:31]} 22. Re2
{[%clk 0:43:24]} Rd8 {[%clk 0:44:08]} 23. Nxe4 {[%clk 0:43:09]} Nxa2
{[%clk 0:43:14]} 24. Bg5 {[%clk 0:43:24]} Nc3 {[%clk 0:40:33]} 25. Nxc3
{[%clk 0:41:54]} Bxg5 {[%clk 0:40:51]} 26. Ne4 {[%clk 0:35:58]} Rd1+
{[%clk 0:39:29]} 27. Kh2 {[%clk 0:34:45]} Be7 {[%clk 0:38:35]} 28. Re3
{[%clk 0:31:28]} Rb1 {[%clk 0:31:00]} 29. g4 {[%clk 0:30:43]} b5 {[%clk 0:28:54]}
30. f4 {[%clk 0:19:38]} bxc4 {[%clk 0:27:04]} 31. Nd2 {[%clk 0:19:14]} Rb2
{[%clk 0:21:58]} 32. Nxc4 {[%clk 0:18:55]} Bxc4 {[%clk 0:21:43]} 33. bxc4
{[%clk 0:19:20]} a5 {[%clk 0:21:37]} 34. Kg3 {[%clk 0:19:18]} a4 {[%clk 0:21:45]}
35. Bxc6 {[%clk 0:17:56]} a3 {[%clk 0:20:24]} 36. c5 {[%clk 0:06:29]} Bxc5
{[%clk 0:19:33]} 37. Bd5+ {[%clk 0:06:55]} Kf8 {[%clk 0:19:02]} 38. Rc3
{[%clk 0:06:02]} a2 {[%clk 0:18:36]} 39. Bxa2 {[%clk 0:06:00]} Bf2+
{[%clk 0:18:48]} 40. Kf3 {[%clk 0:36:20]} Rxa2 {[%clk 0:49:06]} 41. Rc8+
{[%clk 0:36:46]} Kf7 {[%clk 0:46:26]} 42. Rc7+ {[%clk 0:35:54]} Kg8
{[%clk 0:43:07]} 43. Rc8+ {[%clk 0:36:19]} Kf7 {[%clk 0:39:56]} 44. Rc7+
{[%clk 0:36:45]} Kg8 {[%clk 0:40:21]} 45. Rc8+ {[%clk 0:35:56]} 1/2-1/2

[Event "5th European Small Nations"]
[Site "Andorra la Vella"]
[Date "2017.11.15"]
[Round "6.1"]
[White "Mannhart, Marcel"]
[Black "De La Riva Aguado, Oscar"]
[Result "0-1"]
[BlackElo "2482"]
[WhiteElo "2123"]
[LiveChessVersion "1.4.8"]

1. Nc3 {[%clk 1:30:56]} d5 {[%clk 1:30:08]} 2. e4 {[%clk 1:31:15]} dxe4
{[%clk 1:29:58]} 3. Nxe4 {[%clk 1:31:25]} Bf5 {[%clk 1:29:41]} 4. Ng3
{[%clk 1:30:37]} Bg6 {[%clk 1:30:01]} 5. Bc4 {[%clk 1:29:39]} e6 {[%clk 1:29:07]}
6. Nf3 {[%clk 1:28:32]} Nd7 {[%clk 1:26:47]} 7. O-O {[%clk 1:25:53]} Ngf6
{[%clk 1:25:57]} 8. d3 {[%clk 1:23:17]} Be7 {[%clk 1:24:03]} 9. Qe2
{[%clk 1:23:06]} O-O {[%clk 1:21:40]} 10. Nh4 {[%clk 1:15:39]} Nb6
{[%clk 1:07:43]} 11. Bb3 {[%clk 1:14:07]} a5 {[%clk 0:58:35]} 12. Nxg6
{[%clk 1:13:58]} hxg6 {[%clk 0:58:59]} 13. c3 {[%clk 1:14:09]} a4
{[%clk 0:51:15]} 14. Bc2 {[%clk 1:14:23]} c5 {[%clk 0:51:29]} 15. Rd1
{[%clk 1:06:15]} Qc7 {[%clk 0:49:21]} 16. Ne4 {[%clk 0:53:47]} a3
{[%clk 0:45:15]} 17. b3 {[%clk 0:47:11]} Rfd8 {[%clk 0:45:19]} 18. Bd2
{[%clk 0:46:18]} Nc8 {[%clk 0:29:45]} 19. Rac1 {[%clk 0:45:34]} Nd6
{[%clk 0:29:53]} 20. Bb1 {[%clk 0:44:36]} Nf5 {[%clk 0:29:51]} 21. Be1
{[%clk 0:34:16]} Nd5 {[%clk 0:29:21]} 22. g3 {[%clk 0:34:06]} b5 {[%clk 0:28:26]}
23. d4 {[%clk 0:31:13]} cxd4 {[%clk 0:25:23]} 24. cxd4 {[%clk 0:29:09]} Qb6
{[%clk 0:25:48]} 25. Nc5 {[%clk 0:27:05]} Nxd4 {[%clk 0:24:58]} 26. Rxd4
{[%clk 0:27:26]} Bxc5 {[%clk 0:25:23]} 27. Rdd1 {[%clk 0:27:48]} Nf6
{[%clk 0:18:07]} 28. Bd3 {[%clk 0:23:54]} b4 {[%clk 0:18:29]} 29. Rc4
{[%clk 0:23:43]} Rd5 {[%clk 0:15:49]} 30. Be4 {[%clk 0:17:32]} Rxd1
{[%clk 0:14:14]} 31. Bxa8 {[%clk 0:17:25]} Bxf2+ {[%clk 0:12:24]} 32. Kg2
{[%clk 0:16:08]} Rxe1 {[%clk 0:12:39]} 33. Qxf2 {[%clk 0:15:35]} Qxf2+
{[%clk 0:12:18]} 34. Kxf2 {[%clk 0:15:56]} Ra1 {[%clk 0:12:30]} 35. Rc8+
{[%clk 0:15:58]} Kh7 {[%clk 0:12:50]} 36. Rc2 {[%clk 0:16:23]} Rb1
{[%clk 0:07:37]} 37. Ke2 {[%clk 0:13:56]} Rb2 {[%clk 0:08:00]} 38. Kd3
{[%clk 0:14:08]} Rxc2 {[%clk 0:08:25]} 39. Kxc2 {[%clk 0:14:29]} Nd7
{[%clk 0:08:53]} 40. Kd3 {[%clk 0:44:20]} Nb6 {[%clk 0:38:51]} 41. Bc6
{[%clk 0:41:21]} e5 {[%clk 0:37:52]} 42. Ke4 {[%clk 0:41:16]} f6 {[%clk 0:38:16]}
43. Be8 {[%clk 0:41:27]} g5 {[%clk 0:31:54]} 44. Bf7 {[%clk 0:29:07]} g6
{[%clk 0:31:39]} 45. g4 {[%clk 0:29:23]} Kg7 {[%clk 0:32:02]} 46. Be6
{[%clk 0:29:25]} Kf8 {[%clk 0:32:15]} 47. h3 {[%clk 0:29:48]} Ke7
{[%clk 0:32:18]} 48. Bg8 {[%clk 0:30:02]} Kd6 {[%clk 0:26:35]} 49. Bf7
{[%clk 0:28:34]} Nd5 {[%clk 0:23:16]} 50. Bxd5 {[%clk 0:27:57]} f5+
{[%clk 0:23:36]} 51. gxf5 {[%clk 0:28:17]} gxf5+ {[%clk 0:24:01]} 52. Kxf5
{[%clk 0:28:36]} Kxd5 {[%clk 0:24:26]} 53. Kxg5 {[%clk 0:29:00]} e4
{[%clk 0:24:53]} 54. Kf4 {[%clk 0:29:09]} Ke5+ 0-1

[Event "5th European Small Nations"]
[Site "Andorra la Vella"]
[Date "2017.11.15"]
[Round "6.2"]
[White "Norwood, David R"]
[Black "Guller, Andras"]
[Result "1-0"]
[BlackElo "2041"]
[WhiteElo "2505"]
[LiveChessVersion "1.4.8"]

1. g3 {[%clk 1:30:55]} d5 {[%clk 1:30:21]} 2. c4 {[%clk 1:31:19]} c6
{[%clk 1:30:45]} 3. Nf3 {[%clk 1:31:41]} Nf6 {[%clk 1:30:34]} 4. Bg2
{[%clk 1:32:05]} e6 {[%clk 1:27:14]} 5. O-O {[%clk 1:32:10]} Nbd7
{[%clk 1:26:24]} 6. b3 {[%clk 1:28:53]} Bd6 {[%clk 1:25:18]} 7. Bb2
{[%clk 1:29:06]} O-O {[%clk 1:22:46]} 8. d3 {[%clk 1:26:35]} Re8 {[%clk 1:21:39]}
9. Nc3 {[%clk 1:10:57]} Qe7 {[%clk 1:18:50]} 10. a3 {[%clk 1:10:48]} dxc4
{[%clk 1:13:20]} 11. bxc4 {[%clk 1:08:18]} e5 {[%clk 1:13:13]} 12. Nd2
{[%clk 1:04:13]} Nc5 {[%clk 1:09:31]} 13. Nb3 {[%clk 1:04:06]} Nxb3
{[%clk 1:06:14]} 14. Qxb3 {[%clk 1:04:29]} Be6 {[%clk 1:04:44]} 15. a4
{[%clk 1:04:02]} Rad8 {[%clk 1:01:22]} 16. a5 {[%clk 1:01:48]} a6
{[%clk 0:59:52]} 17. Ba3 {[%clk 1:01:50]} Bc8 {[%clk 0:54:56]} 18. Bxd6
{[%clk 1:00:13]} Qxd6 {[%clk 0:52:14]} 19. Rab1 {[%clk 0:59:07]} Qc5
{[%clk 0:44:25]} 20. Qb6 {[%clk 0:51:36]} Qd4 {[%clk 0:35:48]} 21. Na4
{[%clk 0:43:27]} e4 {[%clk 0:23:20]} 22. Qxd4 {[%clk 0:42:34]} Rxd4
{[%clk 0:23:34]} 23. Nc5 {[%clk 0:42:04]} exd3 {[%clk 0:21:18]} 24. exd3
{[%clk 0:42:23]} Re7 {[%clk 0:19:39]} 25. Rfe1 {[%clk 0:30:30]} Kf8
{[%clk 0:17:39]} 26. Rxe7 {[%clk 0:29:15]} Kxe7 {[%clk 0:18:01]} 27. Nxb7
{[%clk 0:28:38]} Rxd3 {[%clk 0:18:18]} 28. Bxc6 {[%clk 0:28:02]} Nd7
{[%clk 0:15:02]} 29. f4 {[%clk 0:25:18]} Kf6 {[%clk 0:12:39]} 30. Bd5
{[%clk 0:24:16]} Bxb7 {[%clk 0:07:00]} 31. Rxb7 {[%clk 0:24:38]} Rd1+
{[%clk 0:07:09]} 32. Kg2 {[%clk 0:24:54]} Nc5 {[%clk 0:07:28]} 33. Rxf7+
{[%clk 0:25:03]} Kg6 {[%clk 0:07:52]} 34. Rc7 {[%clk 0:21:57]} 1-0

[Event "5th European Small Nations"]
[Site "Andorra la Vella"]
[Date "2017.11.15"]
[Round "6.3"]
[White "Frick, Renato"]
[Black "Aloma Vidal, Robert"]
[Result "0-1"]
[BlackElo "2440"]
[WhiteElo "1997"]
[LiveChessVersion "1.4.8"]

1. e4 {[%clk 1:30:44]} e5 {[%clk 1:27:18]} 2. Nf3 {[%clk 1:30:49]} Nc6
{[%clk 1:27:40]} 3. Bb5 {[%clk 1:31:04]} a6 {[%clk 1:28:06]} 4. Ba4
{[%clk 1:31:23]} Nf6 {[%clk 1:28:27]} 5. O-O {[%clk 1:31:39]} Be7
{[%clk 1:28:54]} 6. Re1 {[%clk 1:31:19]} b5 {[%clk 1:29:20]} 7. Bb3
{[%clk 1:31:45]} O-O {[%clk 1:29:44]} 8. c3 {[%clk 1:30:25]} d5 {[%clk 1:30:08]}
9. exd5 {[%clk 1:30:27]} Nxd5 {[%clk 1:30:33]} 10. Nxe5 {[%clk 1:30:34]} Nxe5
{[%clk 1:30:57]} 11. Rxe5 {[%clk 1:30:58]} c6 {[%clk 1:31:24]} 12. d4
{[%clk 1:29:15]} Bd6 {[%clk 1:31:36]} 13. Re1 {[%clk 1:29:38]} Qh4
{[%clk 1:31:57]} 14. g3 {[%clk 1:30:01]} Qh3 {[%clk 1:32:23]} 15. Qd3
{[%clk 1:23:45]} Bg4 {[%clk 1:26:54]} 16. Qf1 {[%clk 1:23:54]} Qh5
{[%clk 1:27:11]} 17. Bd1 {[%clk 1:24:11]} Bxd1 {[%clk 1:22:02]} 18. Rxd1
{[%clk 1:24:34]} f5 {[%clk 1:21:48]} 19. f3 {[%clk 0:56:55]} Rae8
{[%clk 1:18:42]} 20. Na3 {[%clk 0:55:54]} Bxa3 {[%clk 1:16:26]} 21. bxa3
{[%clk 0:56:18]} Nxc3 {[%clk 1:16:45]} 22. Rd2 {[%clk 0:56:11]} f4
{[%clk 1:15:41]} 23. g4 {[%clk 0:53:25]} Qd5 {[%clk 1:15:43]} 24. Bb2
{[%clk 0:52:43]} Na4 {[%clk 1:15:59]} 25. Rb1 {[%clk 0:44:27]} Re3
{[%clk 1:16:00]} 26. Kg2 {[%clk 0:44:41]} Rfe8 {[%clk 1:12:09]} 27. Qd1
{[%clk 0:34:31]} h5 {[%clk 1:01:44]} 28. h3 {[%clk 0:32:37]} Qd8 {[%clk 0:56:48]}
29. Qg1 {[%clk 0:31:59]} Re2+ {[%clk 0:57:05]} 0-1

[Event "5th European Small Nations"]
[Site "Andorra la Vella"]
[Date "2017.11.15"]
[Round "6.4"]
[White "Garcia Paolicchi, Raul"]
[Black "Iclicki, Willy"]
[Result "1/2-1/2"]
[BlackElo "1968"]
[WhiteElo "2150"]
[LiveChessVersion "1.4.8"]

1. d4 {[%clk 1:30:55]} d5 {[%clk 1:30:50]} 2. c4 {[%clk 1:30:56]} c6
{[%clk 1:31:15]} 3. cxd5 {[%clk 1:31:13]} cxd5 {[%clk 1:31:38]} 4. Bg5
{[%clk 1:31:36]} Nf6 {[%clk 1:27:42]} 5. Bxf6 {[%clk 1:31:59]} gxf6
{[%clk 1:28:10]} 6. Nc3 {[%clk 1:32:02]} e6 {[%clk 1:25:10]} 7. e3
{[%clk 1:31:58]} Bd6 {[%clk 1:24:02]} 8. Bd3 {[%clk 1:31:32]} Nc6
{[%clk 1:23:29]} 9. Nf3 {[%clk 1:28:05]} Bd7 {[%clk 1:21:34]} 10. Rc1
{[%clk 1:26:59]} Rc8 {[%clk 1:20:26]} 11. O-O {[%clk 1:27:01]} f5
{[%clk 1:15:28]} 12. g3 {[%clk 1:25:06]} h5 {[%clk 1:14:25]} 13. h4
{[%clk 1:24:12]} a6 {[%clk 1:12:55]} 14. Ne2 {[%clk 1:12:51]} Qf6
{[%clk 1:04:05]} 15. Nf4 {[%clk 0:49:20]} Ke7 {[%clk 0:56:36]} 16. Be2
{[%clk 0:47:38]} Rcg8 {[%clk 0:53:08]} 17. Re1 {[%clk 0:46:26]} Qh6
{[%clk 0:44:19]} 18. Kh1 {[%clk 0:40:54]} 1/2-1/2

[Event "5th European Small Nations"]
[Site "Andorra la Vella"]
[Date "2017.11.15"]
[Round "6.5"]
[White "Belzo, Krzysztof"]
[Black "Antoniou, Antonis"]
[Result "1/2-1/2"]
[BlackElo "2164"]
[WhiteElo "2077"]
[LiveChessVersion "1.4.8"]

1. c4 {[%clk 1:30:56]} b6 {[%clk 1:30:44]} 2. d4 {[%clk 1:31:18]} Bb7
{[%clk 1:31:09]} 3. Nc3 {[%clk 1:31:42]} Nf6 {[%clk 1:31:32]} 4. Qc2
{[%clk 1:31:46]} e6 5. Nf3 {[%clk 1:31:54]} Bb4 {[%clk 1:30:51]} 6. Bf4
{[%clk 1:29:35]} O-O {[%clk 1:30:22]} 7. e3 {[%clk 1:29:08]} d6 {[%clk 1:26:13]}
8. Bd3 {[%clk 1:28:00]} Nbd7 {[%clk 1:22:34]} 9. e4 {[%clk 1:15:59]} Bxc3+
{[%clk 1:12:35]} 10. bxc3 {[%clk 1:16:19]} e5 {[%clk 1:12:57]} 11. Be3
{[%clk 1:10:51]} Qe7 {[%clk 1:03:56]} 12. Nd2 {[%clk 1:10:14]} Rfe8
{[%clk 0:52:00]} 13. f3 {[%clk 1:09:30]} exd4 {[%clk 0:51:51]} 14. cxd4
{[%clk 1:01:48]} d5 {[%clk 0:51:33]} 15. cxd5 {[%clk 0:56:08]} Nxd5
{[%clk 0:49:31]} 16. Bf2 {[%clk 0:43:34]} Nb4 {[%clk 0:46:02]} 17. Qc3
{[%clk 0:40:51]} Nxd3+ {[%clk 0:37:07]} 18. Qxd3 {[%clk 0:41:18]} f5
{[%clk 0:36:24]} 19. O-O {[%clk 0:38:45]} fxe4 {[%clk 0:31:39]} 20. fxe4
{[%clk 0:29:21]} Bxe4 {[%clk 0:28:31]} 21. Nxe4 {[%clk 0:25:39]} Qxe4
{[%clk 0:28:48]} 22. Qc4+ {[%clk 0:26:08]} Qe6 {[%clk 0:21:54]} 23. Qxc7
{[%clk 0:24:12]} Nf6 {[%clk 0:22:20]} 1/2-1/2